| 000 | 00406nam a2200133Ia 4500 | ||
|---|---|---|---|
| 008 | 220216s9999 xx 000 0 und d | ||
| 100 | _aNarusawa S | ||
| 245 | 0 | _aRubberised bitumen from rubber-bitumen masterbatch | |
| 260 | _bProceedings of the Natural Rubber Research Conference, Kuala Lumpur, 1960; p960-965 | ||
| 650 | _aRubberised bitumen | ||
| 700 | _aAsao M | ||
| 700 | _aKunisawa S | ||
| 942 | _cJS | ||
| 999 |
_c68266 _d68266 |
||